Mathematiques et statistiques pour les sciences naturelles

Αποθηκεύτηκε σε:
Λεπτομέρειες βιβλιογραφικής εγγραφής
Κύριος συγγραφέας: Vo, Khac Khoan, 1936-
Μορφή: Βιβλίο
Γλώσσα:French
Δημοσίευση: [Paris] : Bordas, [1969]
Σειρά:Collection Études supérieures ; 8
Θέματα:
Ετικέτες: Προσθήκη ετικέτας
Δεν υπάρχουν, Καταχωρήστε ετικέτα πρώτοι!

MARC

LEADER 00000cam a2200000 a 4500
001 1/106850
008 150609s1969####fr | ||| |||| ||fre||
040 |a GR-MyUa  |b gre  |c GR-MyUa  |e AACR2 
041 0 |a fre 
082 7 |a 519.5   |2 (23) 
100 1 |a Vo, Khac Khoan,   |d 1936- 
245 1 0 |a Mathematiques et statistiques pour les sciences naturelles /   |c par Vo-Khan Khoan. 
260 |a [Paris] :   |b Bordas,   |c [1969]  
300 |a 432 σ. :   |b σχέδια ;   |c 22 εκ.  
490 1 |a  (Collection Études supérieures)  |v 8 
650 0 |a Mathematics. 
650 0 |a Probabilities. 
650 0 |a Statistics. 
830 0 |a Collection Études supérieures ;  |v 8 
852 |a INST  |b SAMOS  |c MAG  |e 20150609  |h 519.5 KHO  |p 005300035334  |q 005300035334  |t BK  |y 0 
970 |a Σιτζίμη   |b Παναγιώτης  |z 09/06/2015